| 000 | 015690000a22003370004500 | ||
|---|---|---|---|
| 003 | EG-GICUC | ||
| 005 | 20250223025111.0 | ||
| 008 | 071226s2007 ua a f m 000 0 eng d | ||
| 040 |
_aEG-GICUC _beng _cEG-GICUC |
||
| 041 | 0 | _aEng | |
| 049 | _aDeposite | ||
| 097 | _aM.Sc | ||
| 099 | _aCai01.20.03.M.Sc.2007.Mo.T | ||
| 100 | 0 | _aMohamed Nassef Fattoh Abdelrahman | |
| 245 | 1 | 0 |
_aTowards a natural computing approach for peer - to - systems / _cMohamed Nassef Fattoh Abdelrahman ; Supervised Ibrahim Farag Abdelrahman , Amr Ahmed Badr |
| 246 | 1 | 5 | _aنحو منهج حسابى طبيعى لنظم النظير للنظير |
| 260 |
_aCairo : _bMohamed Nassef Fattoh Abdelrahman , _c2007 |
||
| 300 |
_a77P. : _bill ; _c30cm |
||
| 502 | _aThesis (M.Sc.) - Cairo University - Faculty Of Computers and Information - Department Of Computer Science | ||
| 520 | _aPeer - to - peer (P2P) file sharing systems are characterized by highly replicated contents which are distributed among nodes with enormous aggregate resources for storage and communication.File consistency is often compromised by undesirable changes which are needed to be detected and corrected in appropriate time | ||
| 530 | _aIssued also as CD | ||
| 653 | 4 | _aArtifical Immune System (AIS) | |
| 653 | 4 | _aFile recovery | |
| 653 | 4 | _aPeer - to - peer Systems (PSP) | |
| 700 | 0 |
_aAmr Ahmed Badr , _eSupervisor |
|
| 700 | 0 |
_aIbrahim Farag Abdelrahman , _eSupervisor |
|
| 856 | _uhttp://172.23.153.220/th.pdf | ||
| 905 |
_aEsam _eRevisor |
||
| 905 |
_aNazla _eCataloger |
||
| 942 |
_2ddc _cTH |
||
| 999 |
_c5647 _d5647 |
||